Pharmacology and toxicology for 2nd year (Record no. 8206)

MARC details
000 -LEADER
fixed length control field 00308nam a2200121Ia 4500
008 - FIXED-LENGTH DATA ELEMENTS--GENERAL INFORMATION
fixed length control field 191201s2019 xx 000 0 und d
100 ## - MAIN ENTRY--PERSONAL NAME
Personal name REJE, VN
245 #0 - TITLE STATEMENT
Title Pharmacology and toxicology for 2nd year
260 ## - PUBLICATION, DISTRIBUTION, ETC. (IMPRINT)
Name of publisher, distributor, etc CBS Pub
Place of publication, distribution, etc New delhi
Date of publication, distribution, etc 2019
300 ## - PHYSICAL DESCRIPTION
Extent 239
650 ## - SUBJECT ADDED ENTRY--TOPICAL TERM
Topical term or geographic name as entry element Pharmacology
942 ## - ADDED ENTRY ELEMENTS (KOHA)
Source of classification or shelving scheme Dewey Decimal Classification
Koha item type Text Books
942 ## - ADDED ENTRY ELEMENTS (KOHA)
-- 44
Holdings
Withdrawn status Lost status Source of classification or shelving scheme Damaged status Not for loan Collection code Home library Current library Date acquired Source of acquisition Cost, normal purchase price Bill Number Total Checkouts Acc. no. / Barcode Date last seen Date last borrowed Actual Cost, discounted price Bill Date Koha item type
    Dewey Decimal Classification     Diploma in Pharmacy PIET C-LIBRARY PIET C-LIBRARY 25/03/2019 Kirti Prakashan 220.00 IN 3049 17 DP45 26/05/2026 21/05/2026 141.90 08/03/2019 Text Books
    Dewey Decimal Classification     Diploma in Pharmacy PIET C-LIBRARY PIET C-LIBRARY 25/03/2019 Kirti Prakashan 220.00 IN 3049 15 DP46 11/05/2026 27/04/2026 141.90 08/03/2019 Text Books
    Dewey Decimal Classification     Diploma in Pharmacy PIET C-LIBRARY PIET C-LIBRARY 25/03/2019 Kirti Prakashan 220.00 IN 3049 16 DP47 07/05/2026 21/04/2026 141.90 08/03/2019 Text Books
    Dewey Decimal Classification     Diploma in Pharmacy PIET C-LIBRARY PIET C-LIBRARY 25/03/2019 Kirti Prakashan 220.00 IN 3049 16 DP48 20/06/2025 19/06/2025 141.90 08/03/2019 Text Books

Design & Developed by: PIET Central Library
R70 Miles Stone Pattikalyana Samalkha Panipat 132102
mail ID :- [email protected], Phone No:- 0180-2569700 Ex.216